Państwa produkujące najwięcej grzybów na świecie - Statystyki

Ogólne statystyki
  • Ten quiz został rozwiązany 32 razy
  • Średni wynik to 12 z 15
Statystyki odpowiedzi
Tony Państwa % Poprawnych
378 800 Polska
100%
343 820 Stany Zjednoczone
100%
662 645 Chiny
97%
83 800 Niemcy
97%
74 479 Hiszpania
91%
110 977 Rosja
91%
67 770 Włochy
91%
99 110 Francja
88%
137 796 Kanada
88%
469 046 Japonia
81%
243 000 Indie
78%
85 754 Wielka Brytania
69%
147 000 Holandia
47%
68 210 Irlandia
28%
79 180 Iran
19%
Nie znaleziono quizów pasujących do podanych kryteriów
Rozkład punktacji
Procent ludzi z każdym wynikiem
Percentyl według liczby udzielonych odpowiedzi
Twoja historia wyników
Nie rozwiązałeś tego quizu